000 00176 a2200085 4500
001 61989
090 _c37155
_d37155
245 _aThe Host; (A Novel)
260 _aGreat Britain
_bAtom
_c2008
942 _aNUST-CAE
999 _c297062
_d297062